[Event "Kragero Resort A 2020"]
[Site "Kragero"]
[Date "2020.02.20"]
[Round "3.12"]
[White "Krivenko, Dion"]
[Black "Haug, Johannes"]
[Result "0-1"]
[WhiteElo "1935"]
[BlackElo "2426"]
[Annotator "TA"]
[PlyCount "110"]
[EventDate "2020.02.19"]
[EventType "swiss"]
[EventCountry "NOR"]
[SourceTitle "playchess.com"]
[Source "ChessBase"]
[SourceQuality "1"]

{[%evp 19,110,-7,70,0,0,0,0,0,0,0,0,-39,0,0,1,0,0,0,2,0,43,29,27,-79,-106,-177,-152,-166,-102,-188,-196,-319,-316,-290,-192,-206,-179,-250,-29,-54,-39,-128,-71,-281,-289,-248,-70,-80,-82,-131,-131,-131,-130,-132,-117,-129,-89,-95,-33,-186,-164,-189,-158,-142,-141,-316,-304,-421,-300,-293,-287,-434,-427,-405,-406,-556,-571,-625,-650,-706,-569,-1043,-910,-1226,-1032,-1511,-1460,-1216,-923,-29982,-29983,-29986,-29987]} 1. e4 e6 2. d3 d5 3. Nd2 Nf6 4. Ngf3 c5 5. g3 Nc6 6. Bg2 b6 7. O-O Bb7 8. Re1 Be7 9. c3 Qc7 10. a3 O-O-O (10... O-O $11) 11. e5 {C00: French: Unusual White 2nd moves.} (11. exd5 $14 Nxd5 12. Nc4) 11... Nd7 $1 $11 {[%cal Rd7e5]} 12. d4 g5 {...g4 is the strong threat.} 13. h3 {The position is equal.} h5 14. Nf1 Rdg8 15. N3h2 {[#]} Na5 $146 ({Predecessor:} 15... Rg6 16. Qd3 c4 17. Qc2 Qd8 18. f3 Qg8 19. Be3 f6 20. exf6 Nxf6 21. Bf2 Kb8 22. Rxe6 Qxe6 23. Qxg6 {½-½ (37) Alves,J-Motta,J Itapiruba 1997}) 16. b4 Nc4 17. Nd2 cxd4 18. cxd4 Kb8 $36 {[%mdl 2048] Black is more active.} 19. b5 f6 {[%cal Rf6e5]} 20. exf6 Bxf6 21. Ndf1 (21. Ra2 $11 {remains equal.}) 21... e5 $17 22. Be3 (22. Ne3 $17 e4 23. a4) 22... e4 $19 23. Rc1 Qd6 (23... Rc8 $19 24. Bd2 Qd8) 24. Re2 (24. Rxc4 $17 {was called for.} dxc4 25. Nd2) 24... Nf8 (24... Qxa3 {[#]} 25. Bxe4 $1 {[%mdl 512]} dxe4 26. Rxc4 $17) (24... Nxa3 25. Qa4 $17) 25. Ra2 (25. Rxc4 $142 dxc4 26. Nd2) 25... Ne6 26. a4 Ng7 27. a5 bxa5 28. Nd2 (28. Rxc4 $142 dxc4 29. Nd2) 28... Nf5 $2 {[#]} (28... Nxe3 $19 29. fxe3 Nf5) 29. Nxc4 $11 dxc4 30. Qa4 ({Better is} 30. Nf1 $15) 30... Bd8 ({Reject} 30... Bxd4 $6 31. Bxd4 Qxd4 32. Rxc4 $11) (30... Nxe3 $142 31. fxe3 g4) 31. Qxc4 $2 (31. Nf1 $17 {might work better.}) 31... Nxe3 $19 32. fxe3 Qxg3 $2 (32... g4 $19 33. Rac2 Bg5) 33. Nf1 $15 Qc7 {And now ...Qxc4 would win.} 34. Qxg8 Rxg8 35. Rxc7 Bxc7 36. Nd2 g4 37. h4 Bd8 38. Nxe4 Bxh4 ({Black should try} 38... Bxe4 $17 39. Bxe4 Re8) 39. Nc5 $2 ({White has to play} 39. Rxa5 $15 Bxe4 40. Bxe4) 39... Bxg2 $19 40. Kxg2 {[%mdl 4096] Endgame KRB-KRN} Bd8 41. Ne6 Bb6 42. Nc5 $2 (42. Kg3 $17) 42... h4 43. e4 Re8 44. Nd7+ Kb7 45. Nxb6 (45. Nf6 $142 h3+ 46. Kh2) 45... Kxb6 {KR-KR} ({Less strong is} 45... axb6 46. Re2 $19) 46. e5 Kxb5 47. Rc2 a4 {[%cal Ba5a4,Ba4a3][%mdl 32]} 48. Rc5+ Kb4 49. Rc7 a6 50. Rc6 a3 51. Rxa6 Rd8 52. e6 Rxd4 53. e7 Re4 54. Rf6 Rxe7 55. Rf4+ Kb3 {Accuracy: White = 32%, Black = 58%.} 0-1

[Event "Kragero Resort A 2020"]
[Site "Kragero"]
[Date "2020.02.20"]
[Round "3.13"]
[White "Seo, Jung Min"]
[Black "Vitenberg, Noam Aviv"]
[Result "1-0"]
[WhiteElo "2424"]
[BlackElo "2276"]
[Annotator "TA"]
[PlyCount "29"]
[EventDate "2020.02.19"]
[EventType "swiss"]
[EventCountry "NOR"]
[SourceTitle "playchess.com"]
[Source "ChessBase"]
[SourceQuality "1"]

{[%evp 13,115,21,31,0,16,35,20,-3,30,0,-13,-162,-131,-149,-130,-137,-128,-170,-148,-164,-164,-176,-61,-67,-78,-73,-73,-77,-84,-64,-37,-57,-29,-80,-78,-81,-72,-90,-94,-86,-31,-26,-26,-41,-41,-37,-29,-26,-15,-12,0,-73,-68,-83,-92,-81,-4,-4,-8,-12,0,0,0,10,14,20,93,93,86,79,177,172,193,193,371,324,316,309,547,483,1000,1000,993,992,12824,1774,29966,29963,6394,6410,29985,29986,29986,29985,29985,29986,29986,29987,29986,29986,29990,29988,29988,29988]} 1. d4 d5 2. c4 e6 3. Nf3 Nf6 4. g3 dxc4 5. Bg2 a6 6. O-O Nc6 7. e3 Bd7 8. Nfd2 {E04: Open Catalan: 5 Nf3.} b5 9. b3 cxb3 10. Nxb3 {The position is equal.} Bd6 {[#]} 11. e4 $146 ({Predecessor:} 11. Qc2 Nb4 12. Qe2 O-O 13. a3 Nc6 14. Qc2 Qe8 15. e4 a5 16. Bb2 a4 17. Nc1 {½-½ (41) Dhulipalla,B (2268)-Molenda,M (2382) Warsaw 2018}) 11... e5 12. f4 (12. Bb2 $11 {and White stays safe.}) 12... Nxd4 $1 $19 {[%mdl 64] Overworked Piece} 13. Nxd4 Bc5 $1 $36 {[%cal Rc5d4][%mdl 2112] Pin. Black has strong initiative.} ({Stronger than} 13... exd4 14. e5 $16) 14. Bb2 ({Wrong is} 14. fxe5 $2 Bg4 $19) 14... exd4 15. h3 {Played: e4-e5} 1-0

[Event "Kragero Resort A 2020"]
[Site "Kragero"]
[Date "2020.02.20"]
[Round "3.14"]
[White "Holleland, Sigve"]
[Black "Tryggestad, Andreas Garberg"]
[Result "1-0"]
[WhiteElo "2076"]
[BlackElo "2380"]
[Annotator "TA"]
[PlyCount "121"]
[EventDate "2020.02.19"]
[EventType "swiss"]
[EventCountry "NOR"]
[SourceTitle "playchess.com"]
[Source "ChessBase"]
[SourceQuality "1"]

{[%evp 25,121,8,20,-13,26,13,17,0,0,12,25,16,21,0,0,0,0,-45,20,0,0,0,-10,0,39,39,102,77,80,87,103,66,123,46,70,70,116,75,124,140,347,346,343,303,332,319,443,451,528,534,507,461,580,552,691,662,653,620,622,635,623,566,558,492,566,229,213,221,223,228,212,204,204,168,169,183,229,199,453,435,475,501,505,496,606,577,684,660,966,960,914,872,1051,769,1559,1368,29990,29991]} 1. c4 Nf6 2. g3 g6 3. Bg2 Bg7 4. Nc3 c5 5. e4 Nc6 6. Nge2 d6 7. O-O O-O 8. d3 a6 9. a3 Rb8 10. Rb1 b5 11. cxb5 axb5 12. b4 cxb4 13. axb4 e5 {[#]} 14. Qc2 $146 {A36: Symmetrical English vs ...g6: 4 Bg2 Bg7.} ({Predecessor:} 14. Be3 Ng4 15. Bd2 Be6 16. Nd5 Nf6 17. Bg5 Bxd5 18. exd5 Ne7 19. Nc3 h6 20. Bd2 Nf5 21. Ra1 Nd4 {0-1 (37) Rodshtein,M (2628)-Wei,Y (2732) chess.com INT 2020}) 14... Ne7 15. d4 Be6 16. d5 {The position is equal.} Bd7 17. Qd3 Ne8 18. Ra1 f5 19. Be3 Nf6 20. Ra6 Nc8 21. f3 Ne8 (21... Nb6 $15) 22. Nc1 Nc7 23. Ra2 Nb6 24. Nb3 $36 {[%mdl 2048] White fights for an advantage.} f4 25. Bf2 g5 ({Better is} 25... Nc4 $14) 26. g4 h5 27. h3 Nc8 28. Rfa1 Qf6 ({Black should play} 28... Ne7 $14) 29. Ra5 (29. Nd1 $16) 29... hxg4 30. hxg4 Kf7 31. Nd2 Ke7 32. Ndb1 Bxg4 $2 (32... Kf7 $16 33. Na3 Kg6 34. Naxb5 (34. Ncxb5 Nxb5 35. Nxb5 Rh8 $16) 34... Nxb5) 33. fxg4 $18 f3 34. Bh3 Rh8 {[#]} 35. Qf1 $1 ({Don't go for} 35. Ra7 $2 Nxa7 36. Qf1 (36. Rxa7 $2 Rxh3 37. Rxc7+ Kd8 $19) 36... Nc8 $19) 35... Qh6 36. Kh2 Ne8 {intending ...Nf6.} 37. Nd1 Nf6 {Black wants to play ...Nxg4+.} 38. Ne3 {And now Nf5+ would win.} Kf7 39. Nc3 Ne7 40. Ra7 Bf8 41. R1a6 Rc8 42. Rc6 {Threatens to win with Rxc8.} Kg8 43. Rxc8 Nxc8 44. Rb7 Ne7 45. Kg3 (45. Bg1 $142) 45... Qh4+ 46. Kxf3 Qxh3+ 47. Qxh3 Rxh3+ 48. Kg2 Rh7 49. Rxb5 Ng6 50. Rb8 Nf4+ {[#]} 51. Kf3 $1 Rc7 $2 (51... Rh2 52. Nf5 Nd3) 52. Nb5 $1 {[%csl LRc7,LRd6]} Rd7 53. Nf5 Kf7 54. Be3 Be7 55. Na7 Bf8 56. Nc6 Nd3 57. Nd8+ Kg6 58. Ne6 {[%mdl 64] Double Attack} Bh6 59. Rh8 Nh7 60. Rg8+ Kf7 61. Nxh6+ {Accuracy: White = 79%, Black = 43%.} 1-0

[Event "Kragero Resort A 2020"]
[Site "Kragero"]
[Date "2020.02.20"]
[Round "3.15"]
[White "Mikalsen, Erlend"]
[Black "Nordquelle, Daniel"]
[Result "0-1"]
[WhiteElo "2364"]
[BlackElo "2242"]
[Annotator "TA"]
[PlyCount "40"]
[EventDate "2020.02.19"]
[EventType "swiss"]
[EventCountry "NOR"]
[SourceTitle "playchess.com"]
[Source "ChessBase"]
[SourceQuality "1"]

{[%evp 15,42,-38,-18,-14,-33,-29,-32,-20,-18,-20,123,75,363,364,341,333,453,436,303,41,156,-450,-455,-451,-452,-618,-581,-770,-781]} 1. e4 c5 2. Nf3 d6 3. d4 cxd4 4. Nxd4 Nf6 5. Nc3 a6 6. Bc4 e6 7. Bb3 b5 {7...Nbd7 is more fashionable.} 8. f4 Bb7 9. e5 {B87: Sicilian Scheveningen/Najdorf: 6 Bc4, with early ...b5.} dxe5 (9... Bxg2 $6 10. Rg1 $16) 10. fxe5 Nfd7 {[#]} 11. Qh5 $146 {Strongly threatening Nxe6.Black is slightly better.} ({Predecessor:} 11. O-O Bc5 12. Be3 O-O 13. Qe2 Qb6 14. Rad1 Nc6 15. Qg4 Ndxe5 16. Qf4 Nxd4 17. Bxd4 Bxd4+ 18. Qxd4 Qxd4+ 19. Rxd4 {0-1 (57) DeMoore,S-Berg,G (2190) Long Island 1995}) 11... g6 12. Qh3 Bg7 (12... Nc5 $11 13. Be3 Nbd7) 13. O-O $1 $16 ({Reject} 13. Nxe6 $6 fxe6 14. Qxe6+ Qe7 $11) 13... O-O $2 {[%mdl 8192] [#]} ({Don't blunder} 13... Nxe5 $2 14. Rxf7 $3 {[%mdl 512]} Qxd4+ 15. Be3 $18) (13... Nc5 $16 {might work better.} 14. Be3 Qc7) 14. Rxf7 $3 $18 {[%mdl 512]} Rxf7 15. Nxe6 Qe8 16. Ng5 {[%mdl 64] Pin} Nxe5 {Hoping for ...Nc4!} 17. Bf4 $2 (17. Qxh7+ $18 Kf8 18. Nxf7 (18. Ne6+ Qxe6 19. Bxe6 Nf3+ 20. Kf1 Ng5+ {[%mdl 64] Double Attack, Discovered Attack} 21. Bxf7 Nxh7 $17)) 17... Nc4 (17... h6 $14 18. Bxe5 hxg5) 18. Bxc4 $2 (18. Qxh7+ $16 {is forced if you want to stay better.} Kf8 19. Nxf7) 18... Bd4+ $19 {Black is clearly winning.} 19. Kh1 {White wants to mate with Qxh7+.} bxc4 20. Qh4 Qe7 {Played: Bd4-f6} 0-1

[Event "Kragero Resort A 2020"]
[Site "Kragero"]
[Date "2020.02.20"]
[Round "3.16"]
[White "Brodtkorb, Lars Johan"]
[Black "Beerdsen, Thomas"]
[Result "0-1"]
[WhiteElo "2179"]
[BlackElo "2497"]
[Annotator "TA"]
[PlyCount "106"]
[EventDate "2020.02.19"]
[EventType "swiss"]
[EventCountry "NOR"]
[SourceTitle "playchess.com"]
[Source "ChessBase"]
[SourceQuality "1"]

{[%evp 10,106,6,-3,-2,0,3,1,52,0,0,-10,0,-45,-49,-190,-162,-174,-89,-111,-110,-114,-104,-125,-125,-134,-129,-133,-137,-147,-149,-165,-110,-120,-117,-122,-85,-82,-18,-107,-114,-209,-205,-228,-215,-210,-186,-191,-171,-170,-165,-163,-158,-199,-197,-203,-204,-239,-229,-256,-242,-281,-278,-262,-155,-237,-237,-277,-264,-230,-178,-502,-509,-498,-462,-480,-477,-921,-911,-900,-1096,-1236,-1236,-1063,-1148,-927,-845,-29984,-29985,-29985,-29986,-29986,-29987,-29987,-29988,-29988,-29989,-29989,-29990]} 1. d4 Nf6 2. c4 e6 3. Nc3 Bb4 4. f3 c5 5. d5 O-O 6. e4 b5 {E20: Nimzo-Indian: 4 g3 and 4 f3.} 7. e5 Ne8 8. f4 Bb7 (8... exd5 $11 9. cxd5 d6) 9. Nf3 (9. dxe6 $1 $14 fxe6 10. Nf3 (10. cxb5 d5 $11)) 9... exd5 $1 $11 10. cxd5 c4 {[#]} 11. a4 $146 ({Predecessor:} 11. Be2 Qb6 12. Bd2 Nc7 13. d6 Ne6 14. f5 Nd4 15. f6 Re8 16. a3 Ba5 17. fxg7 Nxf3+ 18. Bxf3 Rxe5+ {0-1 (26) Smirnov,A (2604)-Ganguly,S (2636) Wijk aan Zee 2020}) 11... a6 $1 12. Qd4 (12. Be2 $15) 12... Nc7 13. Bd2 Bxc3 (13... d6 $1 $19 14. Be2 Nd7 15. exd6 Bxd6) 14. bxc3 Bxd5 15. Be2 d6 16. axb5 {Strongly threatening b6.} dxe5 17. fxe5 Ne6 18. Qe3 axb5 19. O-O Nc6 20. Rab1 Rb8 (20... Qb8 $19 21. Rfd1 Ra2) 21. Rfd1 $17 Qc7 22. Be1 Bxf3 23. Bxf3 Qxe5 (23... Nxe5 $17 24. Be2 f6) 24. Qxe5 (24. Qe4 $11 Rbc8 25. Qxe5 Nxe5 26. Bb7) 24... Nxe5 25. Bd5 (25. Be2 $17) 25... Nf4 $19 26. Bg3 Ne2+ 27. Kf2 Nxg3 28. Kxg3 Rfd8 29. Be4 Rxd1 30. Rxd1 {[%mdl 4096] Endgame KRB-KRN} f6 31. Rb1 Kf7 32. Kf4 g6 33. h4 Ke6 34. g4 h6 35. g5 hxg5+ 36. hxg5 {[#]} Nf7 ({Better is} 36... b4 $1 $19 {Hoping for ...f5.} 37. Rxb4 Rxb4 38. cxb4 f5) 37. Bxg6 (37. gxf6 $17 {was called for.} Kxf6 38. Rf1) 37... fxg5+ 38. Ke4 Nd6+ 39. Kd4 Rg8 40. Bh5 $2 (40. Bh7 {is tougher.} Rg7 41. Be4) 40... g4 41. Rg1 g3 42. Bf3 {Bd5+ is the strong threat.} Rg5 43. Re1+ (43. Bg2 $142 Nf5+ 44. Ke4) 43... Kf6 44. Bd5 g2 {aiming for ...Nf5+.} 45. Re6+ {[#]} Kg7 $1 46. Bxg2 Rxg2 {KRN-KR} 47. Kc5 Rd2 48. Rxd6 Rxd6 {Black mates.} 49. Kxd6 {[#]} b4 $1 {[%mdl 576] Promotion} 50. cxb4 {KP-KP} c3 51. b5 c2 52. b6 c1=Q 53. b7 Qf4+ {Accuracy: White = 50%, Black = 76%.} 0-1

[Event "Kragero Resort A 2020"]
[Site "Kragero"]
[Date "2020.02.20"]
[Round "3.17"]
[White "Notkevich, Benjamin Arvola"]
[Black "Sjoberg, Isak"]
[Result "0-1"]
[WhiteElo "2495"]
[BlackElo "2218"]
[Annotator "RC"]
[PlyCount "128"]
[EventDate "2020.02.19"]
[EventType "swiss"]
[EventCountry "NOR"]
[SourceTitle "playchess.com"]
[Source "ChessBase"]
[SourceQuality "1"]
[TimeControl "5400+30"]

1. c4 {[%emt 0:00:00]} Nf6 {[%emt 0:00:00]} 2. g3 {[%emt 0:00:00]} g6 {[%emt 0:00:00]} 3. Bg2 {[%emt 0:00:00]} Bg7 {[%emt 0:00:22]} 4. Nc3 {[%emt 0:00:18]} O-O {[%emt 0:00:09]} 5. d4 {[%emt 0:00:14]} d6 {[%emt 0:01:03]} 6. Nf3 {[%emt 0:00:37]} Nc6 {[%emt 0:01:31]} 7. O-O {[%emt 0:01:24]} a6 {[%emt 0:00:08]} 8. h3 {[%emt 0:03:58]} Rb8 {[%emt 0:02:34]} 9. a3 {[%emt 0:04:46]} Na5 {[%emt 0:15:47]} 10. b3 {[%emt 0:01:37]} b5 {[%emt 0:02:34]} 11. cxb5 {[%emt 0:00:18]} axb5 {[%emt 0:00:06]} 12. Bd2 {[%emt 0:00:23]} c6 {[%emt 0:07:38]} 13. Qc2 {[%emt 0:01:28]} Qc7 {[%emt 0:08:42]} 14. Rfc1 {[%emt 0:03:53]} Re8 {[%emt 0:05:51]} 15. Bg5 {[%emt 0:05:52]} Be6 {[%emt 0:06:24]} 16. Nd2 {[%emt 0:00:22]} Qb6 {[%emt 0:03:41]} 17. e4 {[%emt 0:06:58]} Nd7 {[%emt 0:04:35]} 18. b4 {[%emt 0:06:01]} Nc4 {[%emt 0:00:54]} 19. d5 {[%emt 0:00:15]} cxd5 {[%emt 0:01:32]} 20. exd5 {[%emt 0:00:08]} Bf5 {[%emt 0:00:32]} 21. Nxc4 {[%emt 0:00:11]} bxc4 {[%emt 0:00:37]} 22. Qd2 {[%emt 0:01:28]} Ne5 {[%emt 0:02:37]} 23. g4 {[%emt 0:01:30]} Bd7 {[%emt 0:02:19]} 24. Be3 {[%emt 0:12:39]} Qa6 {[%emt 0:00:18]} 25. Rcb1 {[%emt 0:02:56]} f5 {[%emt 0:03:12]} 26. g5 {[%emt 0:16:06]} Nd3 {[%emt 0:00:11]} 27. f4 {[%emt 0:00:29]} e5 {[%emt 0:01:54]} 28. dxe6 {[%emt 0:00:57]} Bxe6 {[%emt 0:00:19]} 29. Ra2 {[%emt 0:00:22]} Bf7 {[%emt 0:02:40]} 30. Rc2 {[%emt 0:03:56]} Qxa3 {[%emt 0:04:37]} 31. Nd5 {[%emt 0:00:19]} Nxb4 {[%emt 0:02:07]} 32. Rxc4 {[%emt 0:03:10]} Nxd5 {[%emt 0:04:40]} 33. Rxb8 {[%emt 0:00:07]} Qxe3+ {[%emt 0:01:40]} 34. Qxe3 {[%emt 0:00:06]} Nxe3 {[%emt 0:00:03]} 35. Rxe8+ {[%emt 0:00:06]} Bxe8 {[%emt 0:00:04]} 36. Rc8 {[%emt 0:00:06]} Nxg2 {[%emt 0:00:24]} 37. Kxg2 {[%emt 0:00:04]} Kf8 {[%emt 0:00:34]} 38. Rc7 {[%emt 0:00:04]} Bf7 {[%emt 0:04:17]} 39. Kf3 {[%emt 0:00:34]} h6 {[%emt 0:00:29]} 40. h4 {[%emt 0:00:15]} h5 {[%emt 0:00:41]} 41. Ke3 {[%emt 0:00:16]} Bb2 {[%emt 0:00:23]} 42. Ra7 {[%emt 0:00:40]} Bc1+ {[%emt 0:00:12]} 43. Kf3 {[%emt 0:00:10]} Bd5+ {[%emt 0:00:25]} 44. Kg3 {[%emt 0:00:05]} Be3 {[%emt 0:00:25]} 45. Rc7 {[%emt 0:00:22]} Bb6 {[%emt 0:02:40]} 46. Rd7 {[%emt 0:00:10]} Bc5 {[%emt 0:00:06]} 47. Rc7 {[%emt 0:00:07]} Bb4 {[%emt 0:00:56]} 48. Rd7 {[%emt 0:00:34]} Be6 {[%emt 0:00:40]} 49. Rb7 {[%emt 0:00:37]} Be1+ {[%emt 0:00:19]} 50. Kh3 {[%emt 0:00:05]} Bf7 {[%emt 0:00:53]} 51. Rb1 {[%emt 0:01:16]} Bd2 {[%emt 0:00:52]} 52. Kg3 {[%emt 0:00:06]} d5 {[%emt 0:00:05]} 53. Rb8+ {[%emt 0:00:34]} Kg7 {[%emt 0:00:18]} 54. Rd8 {[%emt 0:00:16]} Be1+ {[%emt 0:00:06]} 55. Kh3 {[%emt 0:00:06]} Bf2 {[%emt 0:00:19]} 56. Rb8 {[%emt 0:00:24]} d4 {[%emt 0:00:59]} 57. Rd8 {[%emt 0:00:05]} Be6 {[%emt 0:00:49]} 58. Kg2 {[%emt 0:00:29]} Be3 {[%emt 0:00:50]} 59. Kf3 {[%emt 0:00:29]} Kf7 {[%emt 0:00:23]} 60. Rd6 {[%emt 0:00:38]} Ke7 {[%emt 0:00:13]} 61. Ra6 {[%emt 0:00:04]} Bd5+ {[%emt 0:00:22]} 62. Kg3 {[%emt 0:00:06]} d3 {[%emt 0:00:17]} 63. Ra3 {[%emt 0:00:06]} d2 {[%emt 0:00:20]} 64. Rxe3+ {[%emt 0:00:27]} Be4 {[%emt 0:00:05]} 0-1

[Event "Kragero Resort A 2020"]
[Site "Kragero"]
[Date "2020.02.20"]
[Round "3.18"]
[White "Unneland, Mathias"]
[Black "Lie, Espen"]
[Result "1/2-1/2"]
[WhiteElo "2175"]
[BlackElo "2490"]
[Annotator "TA"]
[PlyCount "200"]
[EventDate "2020.02.19"]
[EventType "swiss"]
[EventCountry "NOR"]
[SourceTitle "playchess.com"]
[Source "ChessBase"]
[SourceQuality "1"]

{[%evp 18,199,62,66,81,74,105,104,120,87,106,83,163,157,184,170,166,139,157,137,142,161,145,155,158,156,175,151,145,139,130,140,171,152,267,87,86,77,139,80,83,85,84,85,92,81,73,91,59,78,92,57,100,7,29,29,24,-10,-10,-9,-17,-19,-13,-25,-25,-31,0,0,0,0,0,-95,0,0,0,0,0,0,0,0,0,0,0,0,0,-8,-8,-8,0,-8,0,0,0,-8,-8,-8,-8,-8,-8,-8,-8,-31,-31,-50,-50,-55,-42,-85,-8,-60,-39,-37,-27,-27,-27,-56,-31,-31,-27,-27,-27,-27,-27,-27,-27,-34,-34,-34,-27,-27,0,-34,-27,-27,-27,-27,-27,-31,-31,-31,-27,-27,-27,-27,-27,-27,-17,-31,-27,-27,-27,-27,-27,-27,-27,-27,-8,-8,-8,-8,-8,-8,-8,-8,-8,-8,0,0,0,0,0,0,0,0,0,0,0,0,0,0,0,0,0,0]} 1. d4 Nf6 2. c4 g6 3. Nc3 Bg7 4. e4 d6 5. Nf3 O-O 6. Be2 Na6 7. O-O e5 8. Re1 Qe8 9. Bf1 Bg4 10. d5 h6 {[#] E94: King's Indian: Classical: 6 Be2 e5 7 0-0: Various Black 7th moves.} 11. Rb1 $146 ({Predecessor:} 11. h3 Bc8 12. a3 Nh7 13. b4 f5 14. c5 f4 15. Nd2 Rf7 16. a4 Bf8 17. Ba3 dxc5 18. Bxa6 cxb4 {½-½ (43) Chasovnikova,E (2299)-Zude,E (2424) Pardubice 2005}) 11... Nh7 12. b4 f5 {White is better.} 13. c5 Nb8 14. Qc2 a6 (14... Bxf3 $16 {keeps fighting.} 15. gxf3 a6) 15. Nd2 $18 Nd7 16. f3 Bh5 17. Ba3 b5 18. cxb6 Nxb6 19. b5 a5 20. Na4 Nxa4 21. Qxa4 Nf6 22. Qc4 Rc8 23. b6 cxb6 24. Qb3 {Threatens to win with Nc4.} Qd7 25. Qxb6 Rc2 (25... fxe4 $16 26. fxe4 (26. Nxe4 Bxf3 27. Qxd6 Bxe4 $16) (26. Qxd6 Qxd6 27. Bxd6 exf3 $16) 26... Rfd8) 26. Rb2 $2 (26. Bxd6 $18 Rfc8 27. Bxe5) 26... Rxb2 $16 27. Bxb2 g5 (27... fxe4 $142 28. Nxe4 Nxe4 29. Rxe4 Rf4) 28. Bb5 ({Resist} 28. Qxa5 $6 fxe4 29. Nxe4 g4 $14) ({White should play} 28. exf5 g4 29. fxg4 Bxg4 30. Ba3) 28... Qd8 29. Qxd8 Rxd8 30. Bc3 fxe4 31. fxe4 Bg6 32. a4 ({Of course not} 32. Bxa5 $6 Ra8 $11) 32... Ra8 33. Bc6 Ra7 34. h3 h5 {[#]} 35. Rb1 ({Better is} 35. Nc4 $1 $16 {[%cal Rc4d6]} Bxe4 36. Nxd6 Bxd5 37. Bb5) 35... Nxe4 36. Nxe4 Bxe4 37. Rb7 Rxb7 38. Bxb7 $11 {[%mdl 4096] Endgame KBB-KBB} Bc2 $1 39. Bc6 e4 $1 40. Bxa5 Bd4+ 41. Kf1 Bd3+ 42. Ke1 Bc4 43. Bb4 e3 44. Kd1 (44. Bb5 $11 {remains equal.} Bxd5 45. Kf1) 44... e2+ ({Black should try} 44... Kf7 $17 45. Bb5 Bxd5) 45. Ke1 Be5 46. Kf2 h4 47. Bb5 Bg3+ 48. Ke3 Bxd5 49. Bxe2 {[#] Strongly threatening Bf3.} Bxg2 50. Bg4 Bf4+ 51. Kd4 Kf7 52. a5 Be5+ 53. Kc4 Bf1+ 54. Kd5 Bg2+ 55. Kc4 Ke7 56. Bd2 Bf4 57. Bc3 Kd8 58. Bd4 Kc7 59. Kb5 Bf1+ 60. Kb4 Bd2+ 61. Ka4 Kb7 62. Bf5 Bg2 (62... Be2 $17 63. Bf6 d5) 63. Bf6 (63. a6+ $11 Kc7 64. Kb3) 63... Bc6+ 64. Kb3 Bxa5 65. Bxg5 Be1 66. Bd8 Bd5+ 67. Kc2 Kc6 68. Kd1 Bg3 69. Ke2 Kc5 70. Bf6 Bg2 71. Be7 Kd5 72. Bf6 Bh1 73. Ke3 Bg2 74. Ke2 Kc4 75. Ke3 d5 76. Bd3+ Kc5 77. Be7+ Bd6 78. Bxh4 Bxh3 79. Bf6 Kb4 80. Bd4 Bd7 81. Be2 Bh2 {...Bg1+ is the strong threat.} 82. Kd2 Bf4+ 83. Kc2 Ba4+ 84. Kb2 Bd2 85. Bd3 Be1 86. Be2 Bb5 (86... Be8 {is more complex.} 87. Kc2 Bd7 88. Kd3 Bh4 89. Kc2 Bg3) 87. Bxb5 {The position is equal.} Kxb5 {KB-KB} 88. Kc2 Kc4 89. Bf6 Bf2 90. Kd1 Kd3 91. Bg7 Bd4 92. Bxd4 Kxd4 {KP-K} 93. Kd2 Ke4 94. Ke2 d4 95. Kd2 d3 (95... Kf3 $5) 96. Kd1 Kd4 (96... Ke3 $5 97. Ke1 $8 Kf4 $11) 97. Kd2 Kc4 98. Kd1 Kc3 {( -> ...d2)} 99. Kc1 d2+ 100. Kd1 Kd3 {Accuracy: White = 81%, Black = 82%.} 1/2-1/2

[Event "Kragero Resort A 2020"]
[Site "Kragero"]
[Date "2020.02.20"]
[Round "3.20"]
[White "Stanford, Sheila Barth"]
[Black "Hauge, Lars Oskar"]
[Result "0-1"]
[WhiteElo "2145"]
[BlackElo "2472"]
[Annotator "TA"]
[PlyCount "74"]
[EventDate "2020.02.19"]
[EventType "swiss"]
[EventCountry "NOR"]
[SourceTitle "playchess.com"]
[Source "ChessBase"]
[SourceQuality "1"]

{[%evp 9,74,0,0,-6,17,16,18,15,17,0,10,-3,16,0,4,-14,0,-10,0,0,0,0,0,0,0,0,-6,-14,-22,-23,-15,-20,-33,-68,-64,-58,-67,-62,-47,-87,-77,-99,-74,-79,-79,-104,-97,-126,-125,-136,-131,-139,-85,-107,-93,-91,-75,-119,-112,-579,-579,-579,-573,-553,-552,-548,-489]} 1. e4 c5 2. Nf3 Nc6 3. Bb5 Nf6 4. Bxc6 dxc6 5. e5 Nd5 6. d3 {B30: Sicilian: 2...Nc6 3 Bb5, lines without ...g6.} g6 7. h3 Bg7 8. O-O {The position is equal.} h6 9. Qe2 g5 {[#]} 10. a3 $146 ({Predecessor:} 10. Nh2 Bf5 11. Re1 e6 12. Nd2 Qe7 13. Nc4 O-O-O 14. a4 h5 15. Nf1 Kb8 16. Ng3 {½-½ (70) Hofstetter,H (2205)-Stocker,A (2130) Bayern 2001}) 10... Bf5 11. Rd1 O-O 12. c4 Nc7 13. d4 cxd4 14. Nxd4 Qc8 15. f4 gxf4 16. Bxf4 Bg6 17. Nc3 Ne6 $36 {[%mdl 2048] Black is pushing.} 18. Bg3 Rd8 19. Qe3 b6 20. Nf3 Qa6 21. b3 Rxd1+ 22. Nxd1 Rd8 23. Nf2 Qa5 24. b4 Qa4 25. Rc1 c5 26. bxc5 Nxc5 27. Nh4 Qb3 28. Rc3 Qb2 29. Nxg6 fxg6 30. Rc1 Qd2 ({Black should play} 30... g5 31. Rf1 Qb3 32. Qxb3 Nxb3) 31. Bf4 $17 Qxe3 32. Bxe3 Bxe5 33. Re1 {[#] Bxc5 is the strong threat.} Bg3 34. Bxh6 $2 {[%mdl 8192] Loses the game.} (34. Bxc5 $17 {is a better chance.} bxc5 35. Re3) 34... Bxf2+ $1 $19 {Black is clearly winning.} 35. Kxf2 Nd3+ 36. Ke2 {Black must now prevent Rd1.} Nxe1 37. Kxe1 Rd4 {Accuracy: White = 70%, Black = 96%.} 0-1